Loading...
| History - European | 0 | 9 | 0 | 1 | 90 | 7 | 29.67 | 5 | 8 | 0.00 | 0.00 |
| Mythology | 0 | 7 | 0 | 0 | 70 | 52 | 69.86 | 2 | 3 | 0.00 | 0.00 |
| History - Other | 0 | 8 | 2 | 1 | 70 | 24 | 54.00 | 5 | 6 | 0.00 | 0.00 |
| History - World | 0 | 6 | 2 | 1 | 50 | 8 | 32.17 | 3 | 5 | 0.00 | 0.00 |
| Philosophy | 0 | 5 | 2 | 1 | 40 | 48 | 66.80 | 0 | 4 | 0.00 | 0.00 |
| History - American | 0 | 6 | 4 | 0 | 40 | 24 | 58.33 | 1 | 5 | 0.00 | 0.00 |
| Religion | 0 | 3 | 3 | 0 | 15 | 43 | 56.33 | 1 | 2 | 0.00 | 0.00 |
| Current Events | 0 | 1 | 0 | 1 | 10 | 109 | 109.00 | 0 | 0 | 0.00 | 0.00 |
| Fine Arts - Classical Music | 0 | 1 | 0 | 0 | 10 | 83 | 83.00 | 0 | 0 | 0.00 | 0.00 |
| Fine Arts - Other | 0 | 1 | 0 | 0 | 10 | 81 | 81.00 | 0 | 0 | 0.00 | 0.00 |
| Literature - American | 0 | 1 | 0 | 0 | 10 | 57 | 57.00 | 0 | 1 | 0.00 | 0.00 |
| Literature - World | 0 | 1 | 0 | 0 | 10 | 91 | 91.00 | 0 | 0 | 0.00 | 0.00 |
| Popular Culture | 0 | 1 | 0 | 0 | 10 | 60 | 60.00 | 0 | 0 | 0.00 | 0.00 |
| Science - Chemistry | 0 | 1 | 0 | 0 | 10 | 66 | 66.00 | 0 | 0 | 0.00 | 0.00 |
| Geography | 0 | 1 | 1 | 0 | 5 | 76 | 76.00 | 0 | 1 | 0.00 | 0.00 |
| Social Science | 0 | 0 | 2 | 0 | -10 | 0.00 | 0 | 0 | 0.00 | 0.00 |